000 00685nam a2200193Ii 4500
003 JO-AjNU
008 230605s9999||||xx |||||||||||||| ||und||
040 _aJO-AjNU
_bara
_erda
_cJO-AjNU
041 _aara
050 1 4 _aHA29.5.1988
100 3 _aعلاء الدين،محمد/ نورالدين حسن فرحان,
_eauthor
_920725
245 0 0 _aمبادىء الاسلوب الاحصائي
264 3 1 _aالجمهورية العراقية:وزراة التعليم العالي والبحث العلمي،1988
300 _a608ص
336 _atext
_btxt
_2rdacontent
337 _aunmediated
_bn
_2rdamedia
338 _avolume
_bnc
_2rdacarrier
650 4 _aالاحصاء
_920726
999 _aA7078
_c10646
_d10646